<?xml version="1.0" encoding="UTF-8"?>
<record
    xmlns:xsi="http://www.w3.org/2001/XMLSchema-instance"
    xsi:schemaLocation="http://www.loc.gov/MARC21/slim http://www.loc.gov/standards/marcxml/schema/MARC21slim.xsd"
    xmlns="http://www.loc.gov/MARC21/slim">

  <leader>00420    a2200133   4500</leader>
  <controlfield tag="001">ART_46682</controlfield>
  <controlfield tag="005">20260410162040.0</controlfield>
  <controlfield tag="008">260409a                                 </controlfield>
  <datafield tag="245" ind1="1" ind2="0">
    <subfield code="a">La sostenibilidad fiscal y la pol&#xED;tica de balance c&#xED;clicamente ajustado</subfield>
  </datafield>
  <datafield tag="100" ind1="1" ind2=" ">
    <subfield code="a">Villena, Mauricio G.</subfield>
  </datafield>
  <datafield tag="700" ind1="1" ind2=" ">
    <subfield code="a">Gamboni, Crist&#xF3;bal</subfield>
  </datafield>
  <datafield tag="700" ind1="1" ind2=" ">
    <subfield code="a">Tomaselli, Andr&#xE9;s</subfield>
  </datafield>
  <datafield tag="773" ind1="0" ind2=" ">
    <subfield code="t">Revista Cepal</subfield>
    <subfield code="g">- N&#xBA; 124 (abr. 2018)</subfield>
    <subfield code="w">REV45125</subfield>
  </datafield>
  <datafield tag="999" ind1=" " ind2=" ">
    <subfield code="c">34761</subfield>
    <subfield code="d">34761</subfield>
  </datafield>
</record>
